01490nam a2200421 i 450000100060000000300080000600500170001400600190003100700150005000800410006502000180010602000270012403500230015103500240017403500250019803500220022304000310024505000240027608000070030008200160030710000230032324501160034626400460046230000250050833600310053333700330056433800430059750000230064050400290066359001640069265000480085665000150090465000240091965500270094379700190097085600620098999900170105154369FlNmELB20241216232542.0m o d | cr cnu||||||||131004s2012 ag ob 001 0 spa d z9789508084637 a9781449291020 (e book) a(MiAaPQ)EBC3214022 a(Au-PeEL)EBL3214022 a(CaPaEBR)ebr10741372 a(OCoLC)1010726373 aFINmELBbspaerdacFINmELB 4aLB3013.3bB674 2012 a370 a371,7822231 aBoggino, Norberto.10aCómo prevenir la violencia en la escuela :bestudio de casos y orientaciones prácticas /cNorberto Boggino. 1aRosario :bHomo Sapiens Ediciones,c2012. a1 recurso en línea atextobtxt2rdacontent/spa acomputadorabc2rdamedia/spa arecurso en líneabcr2rdacarrier/spa aContiene índice. aContiene bibliografía. aRecurso electrónico. Santa Fe, Arg.: e-libro, 2015. Disponible vía World Wide Web. El acceso puede estar limitado para las bibliotecas afiliadas a e-libro. 0aSchool violencexPreventionvCase estudies. 4aViolencia. 4aDisciplina escolar. 4aLibros electrónicos.2 ae-libro, Corp.40uhttps://elibro.net/ereader/politecnicointernacional/67058 c54369d54369